000 00692nam a2200289Ia 4500
005 20260324121552.0
008 008 260324s9999 xx 000 0 eng d
020 _a9781315596495
037 _aEBOOK
040 _aCRL
040 _beng
040 _cCRL
041 _2eng
041 _aeng
084 _qCRL
100 _aLouise Tythacott; Kostas Arvanitis
_91163015
245 0 _aMuseums and Restitution
245 0 _bNew Practices, New Approaches
260 _bTaylor and Francis
260 _c2014
365 _a
365 _b230
856 _uhttp://www.taylorfrancis.com/books/9781315596495
942 _cEBOOK
999 _c1755213
_d1755213